[Event "Bay Area int."]
[Site "Santa Clara USA"]
[Date "2014.01.03"]
[Round "2"]
[White "Kovalyov, Anton"]
[Black "Panjwani, Raja"]
[Result "1/2-1/2"]
[WhiteElo "2617"]
[BlackElo "2468"]
[PlyCount "155"]
[EventDate "2014.01.02"]
[EventType "swiss"]
[EventRounds "9"]
[EventCountry "USA"]
[Source "ChessBase"]
[SourceDate "2014.02.28"]

1. Nf3 Nf6 2. c4 e6 3. g3 d5 4. Bg2 Be7 5. O-O O-O 6. d4 dxc4 7. Qc2 a6 8. Qxc4
b5 9. Qc2 Bb7 10. Bd2 Bd6 11. Rc1 Nbd7 12. Ba5 Qe7 13. Nbd2 c5 14. dxc5 Nxc5
15. Nd4 Rac8 16. Qd1 Bxg2 17. Kxg2 Qb7+ 18. N2f3 Nce4 19. Rxc8 Rxc8 20. Rc1
Rxc1 21. Qxc1 Ng4 22. Be1 Bc5 23. h3 Bxd4 24. Nxd4 Ne5 25. f3 Nf6 26. g4 h6 27.
b3 Qd5 28. Bf2 Ng6 29. Nc6 Qd6 30. Bg3 Qd7 31. Nb4 Qd4 32. Nc6 Qb6 33. e4 Qb7
34. Qc5 Qd7 35. Qd6 e5 36. Qxd7 Nxd7 37. Kf2 f6 38. Ke3 Kf7 39. Kd3 Ke6 40. Kc3
Kd6 41. Nd4 Ne7 42. h4 Nc5 43. h5 Kd7 44. Nf5 Ne6 45. Kd2 Nxf5 46. gxf5 Nd4 47.
f4 exf4 48. Bxf4 Nc6 49. Kc3 Ke7 50. Bd2 Kf7 51. Be3 Ke7 52. Bc5+ Kf7 53. Bd6
Ke8 54. Kd3 Kf7 55. Ke3 Ke8 56. e5 fxe5 57. Ke4 a5 58. a4 bxa4 59. bxa4 Kf7 60.
Kd5 Nd4 61. Kxe5 Ne2 62. Bc7 Ng3 63. Bxa5 Ke7 64. Bc3 Nxh5 65. Kd5 Ng3 66. Kc6
Kd8 67. Kb7 Nxf5 68. Bb4 Nd4 69. a5 Kd7 70. a6 Nc6 71. Bf8 Na5+ 72. Kb6 Nc4+
73. Kb7 Na5+ 74. Kb6 Nc4+ 75. Kb5 Kc7 76. a7 Kb7 77. a8=N Nd6+ 78. Bxd6 1/2-1/2

[Event "Bay Area int."]
[Site "Santa Clara USA"]
[Date "2014.01.03"]
[Round "3.5"]
[White "Panjwani, Raja"]
[Black "Ipatov, Alexander"]
[Result "1/2-1/2"]
[WhiteElo "2468"]
[BlackElo "2615"]
[PlyCount "42"]
[EventDate "2014.01.02"]
[EventType "swiss"]
[EventRounds "9"]
[EventCountry "USA"]
[Source "Mark Crowther"]
[SourceDate "2014.01.06"]

1. d4 d5 2. Nf3 Nf6 3. c4 c6 4. e3 Bf5 5. Nc3 e6 6. Bd3 Bg6 7. Qe2 Bb4 8. Bd2
Nbd7 9. a3 Bxc3 10. Bxc3 a5 11. a4 Ne4 12. Nd2 Nxd2 13. Qxd2 Qb6 14. Be2 O-O
15. O-O Rfd8 16. cxd5 exd5 17. b4 axb4 18. Bxb4 Re8 19. Rfc1 Nf6 20. a5 Qc7 21.
Qb2 h5 1/2-1/2

[Event "Bay Area int."]
[Site "Santa Clara USA"]
[Date "2014.01.04"]
[Round "4.12"]
[White "Ganbold, Odondoo"]
[Black "Panjwani, Raja"]
[Result "0-1"]
[WhiteElo "2335"]
[BlackElo "2468"]
[PlyCount "100"]
[EventDate "2014.01.02"]
[EventType "swiss"]
[EventRounds "9"]
[EventCountry "USA"]
[Source "Mark Crowther"]
[SourceDate "2014.01.06"]

1. e4 g6 2. d4 Bg7 3. Nc3 c6 4. Bc4 d6 5. a4 Nf6 6. Qe2 O-O 7. Nf3 d5 8. Bb3
Bg4 9. exd5 cxd5 10. h3 Bxf3 11. Qxf3 Nc6 12. Qd1 Qb6 13. O-O e6 14. Ne2 Na5
15. Ba2 Rfc8 16. c3 Nc4 17. Rb1 Qa5 18. b3 Nd6 19. Ba3 Nde4 20. Bb4 Qd8 21. c4
b6 22. Rc1 Bh6 23. Rc2 Rc6 24. Qa1 Rac8 25. Rd1 Nd6 26. Ba3 a5 27. Bxd6 Qxd6
28. Nc3 Qd7 29. Re2 Ne8 30. Nb5 Nd6 31. Nxd6 Qxd6 32. Qc3 Qa3 33. Qc2 Qb4 34.
g3 Bg7 35. Qd3 dxc4 36. bxc4 Qxa4 37. Rb1 Rd6 38. d5 exd5 39. cxd5 Rc3 40. Qa6
Bd4 41. Kg2 Rf6 42. Rf1 Kg7 43. Bb1 Qb3 44. Be4 Bc5 45. f3 Qb4 46. Rd1 b5 47.
Qb7 Qc4 48. Red2 Rc1 49. Kh1 Be3 50. Rd3 Qc2 0-1

[Event "Bay Area int."]
[Site "Santa Clara USA"]
[Date "2014.01.05"]
[Round "5.5"]
[White "Panjwani, Raja"]
[Black "Shankland, Sam"]
[Result "0-1"]
[WhiteElo "2468"]
[BlackElo "2602"]
[PlyCount "94"]
[EventDate "2014.01.02"]
[EventType "swiss"]
[EventRounds "9"]
[EventCountry "USA"]
[Source "Mark Crowther"]
[SourceDate "2014.01.14"]

1. c4 g6 2. e4 e5 3. Nf3 Bg7 4. d4 exd4 5. Nxd4 Nf6 6. Nc3 O-O 7. Be2 Re8 8.
Qd3 Na6 9. f3 Nb4 10. Qd2 d5 11. cxd5 Nfxd5 12. Nxd5 Nxd5 13. Nb5 c6 14. Na3
Nb6 15. Qxd8 Rxd8 16. Nc4 Be6 17. Nxb6 axb6 18. a3 b5 19. Kf2 Bd4+ 20. Kg3 Rd7
21. Rb1 Ba2 22. Ra1 Bc4 23. Bxc4 bxc4 24. Rb1 Be5+ 25. Bf4 Bxf4+ 26. Kxf4 Rd2
27. Rhc1 b5 28. b3 Rxa3 29. bxc4 Rxg2 30. cxb5 cxb5 31. Rf1 Rxh2 32. Rxb5 Rg2
33. Rg5 Raa2 34. Rxg2 Rxg2 35. Ke5 Kg7 36. Kf4 h5 37. Re1 h4 38. Rh1 g5+ 39.
Kf5 Kh6 40. Ke5 Rf2 41. Rh3 Kh5 42. Kd4 g4 43. fxg4+ Kxg4 44. Rh1 h3 45. Ke3
Rg2 46. Rf1 h2 47. Rxf7 Rg3+ 0-1

[Event "Bay Area int."]
[Site "Santa Clara USA"]
[Date "2014.01.05"]
[Round "6.9"]
[White "Yang, Darwin"]
[Black "Panjwani, Raja"]
[Result "1-0"]
[WhiteElo "2463"]
[BlackElo "2468"]
[PlyCount "43"]
[EventDate "2014.01.02"]
[EventType "swiss"]
[EventRounds "9"]
[EventCountry "USA"]
[Source "Mark Crowther"]
[SourceDate "2014.01.14"]

1. d4 Nf6 2. c4 e6 3. Nf3 d5 4. Bg5 Bb4+ 5. Nbd2 h6 6. Bh4 dxc4 7. a3 Ba5 8.
Qa4+ Nc6 9. e3 c3 10. bxc3 Bxc3 11. Rc1 Ba5 12. Bb5 Bd7 13. O-O Bb6 14. Ne4 g5
15. Nxf6+ Qxf6 16. Bxc6 Bxc6 17. Rxc6 bxc6 18. Qxc6+ Ke7 19. Bg3 Qf5 20. e4 Qa5
21. Ne5 Kf8 22. Nc4 1-0

[Event "Bay Area int."]
[Site "Santa Clara USA"]
[Date "2014.01.06"]
[Round "7.18"]
[White "Panjwani, Raja"]
[Black "Ishhanov, T."]
[Result "0-1"]
[WhiteElo "2468"]
[BlackElo "2314"]
[PlyCount "106"]
[EventDate "2014.01.02"]
[EventType "swiss"]
[EventRounds "9"]
[EventCountry "USA"]
[Source "Mark Crowther"]
[SourceDate "2014.01.14"]

1. d4 d5 2. c4 c6 3. Nc3 Nf6 4. e3 e6 5. Nf3 Nbd7 6. Qc2 Bd6 7. b3 O-O 8. Be2
Re8 9. O-O e5 10. cxd5 Nxd5 11. Ne4 Bc7 12. Neg5 g6 13. e4 N5b6 14. a4 a5 15.
b4 exd4 16. bxa5 Rxa5 17. Qd2 Rxg5 18. Qxg5 Ne5 19. Nxe5 Bxe5 20. Qxd8 Rxd8 21.
Bd3 Be6 22. f4 Bd6 23. Ba3 c5 24. a5 Bc4 25. Rfd1 Bxd3 26. Rxd3 Nc4 27. e5 Bf8
28. Bxc5 Bxc5 29. Rc1 Nb2 30. Rd2 Na4 31. Rc4 d3+ 32. Kf1 Be3 33. Ke1 b5 34.
Rb4 Bxd2+ 35. Kxd2 Rd5 36. a6 Nb6 37. a7 Kg7 38. Rb1 Na8 39. Ke3 Rd7 40. Rxb5
Rxa7 41. Kxd3 Nc7 42. Rb2 Ne6 43. g3 h5 44. Ke3 Ra3+ 45. Kf2 Rc3 46. Kg2 Nd4
47. Kh3 Rc2 48. Rxc2 Nxc2 49. g4 hxg4+ 50. Kxg4 Ne3+ 51. Kg5 Nf5 52. h4 Nd4 53.
Kg4 Kh6 0-1

[Event "London Classic op"]
[Site "London ENG"]
[Date "2013.12.07"]
[Round "1.25"]
[White "Samaganova, Alexandra"]
[Black "Panjwani, Raja"]
[Result "0-1"]
[WhiteElo "2033"]
[BlackElo "2460"]
[PlyCount "70"]
[EventDate "2013.12.07"]
[EventType "swiss"]
[EventRounds "9"]
[EventCountry "ENG"]
[Source "Mark Crowther"]
[SourceDate "2013.12.09"]

1. c4 Nf6 2. Nc3 c5 3. g3 d6 4. Bg2 g6 5. Nf3 Nc6 6. O-O Bg7 7. d3 Bg4 8. h3
Bd7 9. a3 Qc8 10. Kh2 h5 11. Nd5 Nxd5 12. cxd5 Nd4 13. Nxd4 Bxd4 14. e3 Bf6 15.
Rb1 b5 16. Bd2 Qa6 17. Qc2 b4 18. axb4 Ba4 19. b3 Bb5 20. Be4 Rc8 21. Rfc1 O-O
22. Qd1 Bxd3 23. Bxd3 Qxd3 24. bxc5 Rxc5 25. Rxc5 dxc5 26. Be1 Qf1 27. Qc2 h4
28. Bc3 hxg3+ 29. fxg3 Qf3 30. Bxf6 exf6 31. e4 f5 32. Re1 Re8 33. d6 fxe4 34.
Qxc5 e3 35. Qc2 e2 0-1

[Event "London Classic op"]
[Site "London ENG"]
[Date "2013.12.08"]
[Round "2.25"]
[White "Panjwani, Raja"]
[Black "Steil Antoni, Fiona"]
[Result "1-0"]
[WhiteElo "2460"]
[BlackElo "2190"]
[PlyCount "69"]
[EventDate "2013.12.07"]
[EventType "swiss"]
[EventRounds "9"]
[EventCountry "ENG"]
[Source "Mark Crowther"]
[SourceDate "2013.12.09"]

1. Nf3 Nf6 2. c4 e6 3. Nc3 b6 4. e4 d5 5. cxd5 exd5 6. e5 Ng8 7. d4 Ne7 8. Bd3
g6 9. Bg5 Bg7 10. Bf6 Bxf6 11. exf6 Ng8 12. Qa4+ c6 13. O-O Nxf6 14. Rae1+ Be6
15. Ng5 Qd7 16. Qa3 Qe7 17. Qxe7+ Kxe7 18. f4 Ne4 19. Ncxe4 dxe4 20. Rxe4 Nd7
21. Rfe1 Nf8 22. Bc4 Rd8 23. Bxe6 Nxe6 24. Nxe6 fxe6 25. Rxe6+ Kf7 26. Re7+ Kf6
27. R1e6+ Kf5 28. Re4 Kg4 29. h3+ Kg3 30. Re3+ Kh4 31. R7e5 Rxd4 32. Kh2 Rd2
33. Rg3 h5 34. Re4 g5 35. fxg5# 1-0

[Event "London Classic op"]
[Site "London ENG"]
[Date "2013.12.09"]
[Round "3.1"]
[White "Panjwani, Raja"]
[Black "Istratescu, Andrei"]
[Result "0-1"]
[WhiteElo "2460"]
[BlackElo "2670"]
[PlyCount "63"]
[EventDate "2013.12.07"]
[EventType "swiss"]
[EventRounds "9"]
[EventCountry "ENG"]
[Source "Mark Crowther"]
[SourceDate "2013.12.09"]

1. d4 d6 2. Nf3 Nf6 3. c4 g6 4. Nc3 Bf5 5. e3 Bg7 6. Be2 O-O 7. O-O Ne4 8. Nxe4
Bxe4 9. b3 a5 10. Bd3 Bc6 11. Ba3 Na6 12. Rc1 b6 13. Qe2 Bb7 14. Nd2 c5 15. Bb2
Nb4 16. Bb1 a4 17. Bc3 axb3 18. axb3 Na2 19. Bxa2 Rxa2 20. Ra1 Rxa1 21. Rxa1 d5
22. Qd3 cxd4 23. exd4 Qc7 24. Qe3 Rd8 25. f3 h5 26. Ra7 Bf6 27. cxd5 Qb8 28.
Ra1 Bxd5 29. Nc4 Qc7 30. Qe2 b5 31. Ba5 Bxd4+ 32. Kf1 0-1

[Event "London Classic op"]
[Site "London ENG"]
[Date "2013.12.10"]
[Round "4.24"]
[White "Moore, Ge"]
[Black "Panjwani, Raja"]
[Result "0-1"]
[WhiteElo "2215"]
[BlackElo "2460"]
[PlyCount "73"]
[EventDate "2013.12.07"]
[EventType "swiss"]
[EventRounds "9"]
[EventCountry "ENG"]
[Source "Mark Crowther"]
[SourceDate "2013.12.16"]

1. Nf3 Nf6 2. c4 e6 3. g3 d5 4. Bg2 Be7 5. O-O O-O 6. b3 c5 7. Bb2 Nc6 8. e3 a6
9. cxd5 exd5 10. d4 Bg4 11. dxc5 Bxc5 12. Nc3 Ba7 13. h3 Bh5 14. Ne2 Bg6 15.
Nf4 Be4 16. Bxf6 Qxf6 17. Nxd5 Qh6 18. Nc3 Rad8 19. Nxe4 Rxd1 20. Raxd1 Bb8 21.
Kh1 Rd8 22. Nc5 Qf6 23. Nxb7 Rxd1 24. Rxd1 h5 25. Nc5 Ba7 26. Ne4 Qb2 27. Nh4
g6 28. Rd6 Qc1+ 29. Kh2 Kg7 30. Ng5 Ne5 31. Rxa6 Bb8 32. Rb6 Bc7 33. Rb7 Nd3
34. f4 Ne1 35. Be4 Kg8 36. Ng2 h4 37. Nxe1 0-1

[Event "London Classic op"]
[Site "London ENG"]
[Date "2013.12.11"]
[Round "5.19"]
[White "Mende, Andreas"]
[Black "Panjwani, Raja"]
[Result "0-1"]
[WhiteElo "2161"]
[BlackElo "2460"]
[PlyCount "74"]
[EventDate "2013.12.07"]
[EventType "swiss"]
[EventRounds "9"]
[EventCountry "ENG"]
[Source "Mark Crowther"]
[SourceDate "2013.12.16"]

1. d4 Nf6 2. c4 c5 3. d5 g6 4. Nc3 Bg7 5. g3 O-O 6. Bg2 d6 7. Nf3 e6 8. O-O
exd5 9. cxd5 Na6 10. e4 Bg4 11. a4 Nc7 12. h3 Bxf3 13. Bxf3 Nd7 14. Kg2 a6 15.
Be2 Rb8 16. a5 b5 17. axb6 Rxb6 18. Ra5 Rb4 19. Ra4 Qe7 20. Bd3 Rfb8 21. Rxb4
Rxb4 22. Qe2 Ne5 23. Bxa6 c4 24. f4 Nxa6 25. fxe5 Bxe5 26. Na2 Ra4 27. Nc3 Bxc3
28. bxc3 Nc5 29. e5 dxe5 30. Be3 Nd3 31. Qg4 Qb7 32. Kg1 h5 33. Qg5 Qxd5 34.
Qe7 Ra8 35. Qf6 Ra2 36. Rf2 Nxf2 37. Bh6 Qh1# 0-1

[Event "London Classic op"]
[Site "London ENG"]
[Date "2013.12.12"]
[Round "6.7"]
[White "Panjwani, Raja"]
[Black "Nevednichy, Vladislav"]
[Result "1/2-1/2"]
[WhiteElo "2460"]
[BlackElo "2604"]
[PlyCount "72"]
[EventDate "2013.12.07"]
[EventType "swiss"]
[EventRounds "9"]
[EventCountry "ENG"]
[Source "Mark Crowther"]
[SourceDate "2013.12.16"]

1. d4 g6 2. c4 Bg7 3. e4 c5 4. Nf3 Qb6 5. dxc5 Qxc5 6. Be2 d6 7. O-O Bg4 8.
Nfd2 Bd7 9. Nb3 Qc7 10. Nc3 Bxc3 11. bxc3 Nf6 12. Bg5 Nxe4 13. Qd4 f6 14. Qxe4
fxg5 15. f4 Nc6 16. fxg5 O-O-O 17. c5 Ne5 18. cxd6 exd6 19. Qd4 Kb8 20. Rf6 Bc6
21. Rd1 Rhe8 22. Rxd6 Rxd6 23. Qxd6 Qxd6 24. Rxd6 Nf7 25. Rd2 Nxg5 26. Nd4 Ba4
27. Bd3 Rc8 28. h4 Nf7 29. Bb5 Bxb5 30. Nxb5 Ne5 31. Rd5 Ng4 32. Rd7 a6 33. Nd6
Rxc3 34. Rd8+ Ka7 35. Nc8+ Kb8 36. Nd6+ Ka7 1/2-1/2

[Event "London Classic op"]
[Site "London ENG"]
[Date "2013.12.13"]
[Round "7.8"]
[White "Panjwani, Raja"]
[Black "Shyam, Sundar"]
[Result "1/2-1/2"]
[WhiteElo "2460"]
[BlackElo "2534"]
[PlyCount "158"]
[EventDate "2013.12.07"]
[EventType "swiss"]
[EventRounds "9"]
[EventCountry "ENG"]
[Source "Mark Crowther"]
[SourceDate "2013.12.16"]

1. Nf3 d5 2. d4 Nf6 3. c4 e6 4. Nc3 Bb4 5. e3 O-O 6. Bd3 c5 7. O-O b6 8. dxc5
bxc5 9. Na4 Nbd7 10. cxd5 exd5 11. Be2 Qe7 12. a3 Ba5 13. b4 cxb4 14. Nd4 Bb7
15. Bd2 Rfb8 16. Rb1 Bc7 17. Nb5 Be5 18. Bxb4 Qd8 19. f4 Bc7 20. Nxc7 Qxc7 21.
Rc1 Qd8 22. Qd4 Ne4 23. Bd3 Ndf6 24. Nc5 a5 25. Be1 Qb6 26. Bh4 Nxc5 27. Bxf6
Qxf6 28. Qxf6 gxf6 29. Rxc5 Ba6 30. Bxa6 Rxa6 31. Rxd5 Rb3 32. Rf3 f5 33. e4
Rb1+ 34. Rf1 Rxf1+ 35. Kxf1 fxe4 36. Re5 Rd6 37. Rxe4 Rd3 38. Ra4 Rd5 39. Ke2
f5 40. Kf3 Kg7 41. Kg3 Kg6 42. Kh4 h6 43. g3 Rb5 44. h3 Rc5 45. Rd4 Rc3 46. a4
Ra3 47. Rd6+ Kg7 48. Rd5 Rxa4 49. Rxf5 Ra1 50. Kg4 a4 51. Ra5 Ra3 52. h4 Kg6
53. Ra6+ Kg7 54. h5 Kh7 55. Ra7+ Kg8 56. Ra8+ Kg7 57. Kf5 Rxg3 58. Rxa4 Rb3 59.
Ra7+ Kg8 60. Re7 Rb4 61. Re6 Kg7 62. Rg6+ Kh7 63. Rd6 Kg7 64. Ke5 Rb5+ 65. Ke6
Rxh5 66. f5 Rh1 67. f6+ Kg6 68. Ke7 Rf1 69. Re6 h5 70. Re2 h4 71. Rg2+ Kh5 72.
f7 h3 73. Rg1 Rf2 74. Rg8 Kh4 75. Rg6 h2 76. f8=Q Rxf8 77. Kxf8 Kh3 78. Rh6+
Kg2 79. Rxh2+ Kxh2 1/2-1/2

[Event "London Classic op"]
[Site "London ENG"]
[Date "2013.12.14"]
[Round "8.13"]
[White "Khatanbaatar, Bazar"]
[Black "Panjwani, Raja"]
[Result "1/2-1/2"]
[WhiteElo "2329"]
[BlackElo "2460"]
[PlyCount "102"]
[EventDate "2013.12.07"]
[EventType "swiss"]
[EventRounds "9"]
[EventCountry "ENG"]
[Source "Mark Crowther"]
[SourceDate "2013.12.16"]

1. e4 Nf6 2. e5 Nd5 3. d4 d6 4. c4 Nb6 5. exd6 cxd6 6. Nc3 g6 7. Nf3 Bg7 8. Be2
O-O 9. O-O Bg4 10. b3 Nc6 11. Be3 d5 12. c5 Nc8 13. Rb1 e6 14. b4 N8e7 15. b5
Bxf3 16. Bxf3 Na5 17. Bf4 Nc4 18. Ne2 Nf5 19. Bg4 g5 20. Bxf5 exf5 21. Bc1 Qf6
22. Qd3 Rad8 23. f4 g4 24. Rd1 Rfe8 25. Ng3 Re6 26. Nxf5 Rde8 27. Nxg7 Kxg7 28.
Qg3 Qf5 29. Rb3 h5 30. Qh4 f6 31. h3 Qc2 32. Rf1 Re2 33. Rg3 Re1 34. Rxg4+ hxg4
35. Rxe1 gxh3 36. Qg4+ Kf8 37. Rxe8+ Kxe8 38. Qe6+ Kf8 39. Qxf6+ Ke8 40. Qe6+
Kf8 41. Qc8+ Ke7 42. Qxb7+ Ke8 43. Qa8+ Ke7 44. Qxa7+ Ke8 45. Qa8+ Ke7 46. Qb7+
Ke8 47. Qa8+ Ke7 48. Qb7+ Ke8 49. Qc8+ Ke7 50. Qc7+ Ke8 51. Qc6+ Ke7 1/2-1/2

[Event "London Classic op"]
[Site "London ENG"]
[Date "2013.12.15"]
[Round "9.10"]
[White "Panjwani, Raja"]
[Black "Sreeves, Clement"]
[Result "1-0"]
[WhiteElo "2460"]
[BlackElo "2251"]
[PlyCount "63"]
[EventDate "2013.12.07"]
[EventType "swiss"]
[EventRounds "9"]
[EventCountry "ENG"]
[Source "Mark Crowther"]
[SourceDate "2013.12.16"]

1. Nf3 Nf6 2. g3 g6 3. b3 Bg7 4. Bb2 d5 5. c4 c6 6. Bg2 O-O 7. O-O a5 8. d3 a4
9. Nbd2 axb3 10. axb3 Rxa1 11. Qxa1 Nbd7 12. cxd5 cxd5 13. Rc1 Nb8 14. b4 Bd7
15. Ne5 Na6 16. Bc3 Bb5 17. Nb3 Nd7 18. Nxf7 Rxf7 19. Bxg7 Rxg7 20. Bxd5+ e6
21. Bxe6+ Kh8 22. Qa5 Qe8 23. Nd4 Re7 24. Qxb5 Rxe6 25. Nxe6 Qxe6 26. Qxb7 Nab8
27. Rc8+ Kg7 28. Rxb8 Qxe2 29. Qxd7+ Kf6 30. Qd4+ Kg5 31. Qf4+ Kh5 32. Qh4# 1-0

[Event "St Louis Classic GM"]
[Site "Saint Louis USA"]
[Date "2013.11.21"]
[Round "1.1"]
[White "Sarkar, Justin"]
[Black "Panjwani, Raja"]
[Result "1/2-1/2"]
[WhiteElo "2432"]
[BlackElo "2450"]
[PlyCount "23"]
[EventDate "2013.11.21"]
[EventType "tourn"]
[EventRounds "9"]
[EventCountry "USA"]
[EventCategory "8"]
[Source "Mark Crowther"]
[SourceDate "2013.12.02"]

1. d4 Nf6 2. c4 e6 3. Nf3 Bb4+ 4. Bd2 Bxd2+ 5. Qxd2 d5 6. Nc3 O-O 7. e3 Qe7 8.
Qc2 dxc4 9. Bxc4 c5 10. O-O cxd4 11. Nxd4 Bd7 12. Rfd1 1/2-1/2

[Event "St Louis Classic GM"]
[Site "Saint Louis USA"]
[Date "2013.11.22"]
[Round "2.1"]
[White "Panjwani, Raja"]
[Black "Yang, Darwin"]
[Result "1-0"]
[WhiteElo "2450"]
[BlackElo "2482"]
[PlyCount "63"]
[EventDate "2013.11.21"]
[EventType "tourn"]
[EventRounds "9"]
[EventCountry "USA"]
[EventCategory "8"]
[Source "Mark Crowther"]
[SourceDate "2013.12.02"]

1. Nf3 Nf6 2. c4 c5 3. Nc3 Nc6 4. g3 g6 5. Bg2 Bg7 6. O-O d6 7. d4 Nd7 8. d5
Na5 9. Qd3 a6 10. b3 b5 11. Rb1 O-O 12. Nd1 Rb8 13. Ne3 Nf6 14. Bd2 Bd7 15. Bc3
Qc7 16. Ng5 Ng4 17. Bxg7 Kxg7 18. Nxg4 Bxg4 19. h3 Bf5 20. e4 Bd7 21. f4 f6 22.
Nf3 bxc4 23. bxc4 Rxb1 24. Rxb1 Rb8 25. Re1 Rb2 26. e5 Bf5 27. exf6+ exf6 28.
Qc3 Rc2 29. Qe3 Qf7 30. g4 Bc8 31. Qa3 Nb7 32. Qb3 1-0

[Event "St Louis Classic GM"]
[Site "Saint Louis USA"]
[Date "2013.11.23"]
[Round "3.1"]
[White "Krush, Irina"]
[Black "Panjwani, Raja"]
[Result "1/2-1/2"]
[WhiteElo "2502"]
[BlackElo "2450"]
[PlyCount "60"]
[EventDate "2013.11.21"]
[EventType "tourn"]
[EventRounds "9"]
[EventCountry "USA"]
[EventCategory "8"]
[Source "Mark Crowther"]
[SourceDate "2013.12.02"]

1. d4 Nf6 2. c4 e6 3. Nc3 Bb4 4. e3 c5 5. Nf3 O-O 6. Bd3 d5 7. O-O cxd4 8. exd4
dxc4 9. Bxc4 b6 10. Bg5 Bb7 11. Re1 Nbd7 12. Rc1 Bxc3 13. Rxc3 Rc8 14. Qe2 h6
15. Bh4 Bd5 16. Rec1 Bxc4 17. Rxc4 Rxc4 18. Qxc4 Qa8 19. Qc7 g5 20. Bg3 Qd5 21.
Bd6 Ra8 22. h3 Qxa2 23. Ne5 Qxb2 24. Nxd7 Nxd7 25. Rc6 Nf6 26. Be5 Ne4 27. Rxe6
Qb1+ 28. Kh2 Nd2 29. Rxh6 Nf1+ 30. Kg1 Ne3+ 1/2-1/2

[Event "St Louis Classic GM"]
[Site "Saint Louis USA"]
[Date "2013.11.23"]
[Round "4.1"]
[White "Panjwani, Raja"]
[Black "Diamant, Andre"]
[Result "1-0"]
[WhiteElo "2450"]
[BlackElo "2465"]
[PlyCount "69"]
[EventDate "2013.11.21"]
[EventType "tourn"]
[EventRounds "9"]
[EventCountry "USA"]
[EventCategory "8"]
[Source "Mark Crowther"]
[SourceDate "2013.12.02"]

1. Nf3 Nf6 2. c4 g6 3. Nc3 Bg7 4. e4 d6 5. d4 O-O 6. Be2 e5 7. d5 a5 8. Be3 Ng4
9. Bg5 f6 10. Bh4 Na6 11. Nd2 Nh6 12. f3 Qe8 13. a3 Bd7 14. b3 f5 15. Rb1 Nc5
16. Bf2 g5 17. h3 g4 18. hxg4 fxg4 19. Qc2 b6 20. b4 Na6 21. bxa5 bxa5 22. Nb5
Qg6 23. c5 dxc5 24. Bxc5 Nxc5 25. Qxc5 Rfc8 26. Nxc7 gxf3 27. gxf3 Qg3+ 28. Kd1
Ba4+ 29. Kc1 Qg2 30. Re1 Rxc7 31. Qxc7 Qf2 32. Rf1 Qxe2 33. Rg1 Ng4 34. Rb7 Nh6
35. Rb1 1-0

[Event "St Louis Classic GM"]
[Site "Saint Louis USA"]
[Date "2013.11.24"]
[Round "5.1"]
[White "Boros, Denes"]
[Black "Panjwani, Raja"]
[Result "1-0"]
[WhiteElo "2484"]
[BlackElo "2450"]
[PlyCount "67"]
[EventDate "2013.11.21"]
[EventType "tourn"]
[EventRounds "9"]
[EventCountry "USA"]
[EventCategory "8"]
[Source "Mark Crowther"]
[SourceDate "2013.12.02"]

1. Nf3 Nf6 2. c4 e6 3. Nc3 Bb4 4. g3 b6 5. Bg2 Bb7 6. O-O O-O 7. Qc2 Bxc3 8.
Qxc3 d6 9. d3 c5 10. Rd1 d5 11. d4 dxc4 12. Bg5 Ne4 13. Qc2 Qc8 14. dxc5 Qxc5
15. Be3 Qc8 16. Rd4 c3 17. Ne5 f5 18. Rc4 Qe8 19. Rc7 Bd5 20. Bxe4 fxe4 21.
Rxc3 Nd7 22. Bd4 Nxe5 23. Bxe5 Rc8 24. Rc1 Rxc3 25. Qxc3 Qd7 26. Qa3 Bc6 27.
Bxg7 Qxg7 28. Rxc6 Qd4 29. Qe3 Qd5 30. Rc7 Rf7 31. Rc8+ Rf8 32. Rc3 Kh8 33. Rc7
Qe5 34. Qh6 1-0

[Event "St Louis Classic GM"]
[Site "Saint Louis USA"]
[Date "2013.11.24"]
[Round "6.1"]
[White "Panjwani, Raja"]
[Black "Priyadharshan, Kannappan"]
[Result "0-1"]
[WhiteElo "2450"]
[BlackElo "2402"]
[PlyCount "108"]
[EventDate "2013.11.21"]
[EventType "tourn"]
[EventRounds "9"]
[EventCountry "USA"]
[EventCategory "8"]
[Source "Mark Crowther"]
[SourceDate "2013.12.02"]

1. Nf3 c5 2. c4 Nc6 3. Nc3 Nd4 4. e3 Nxf3+ 5. Qxf3 g6 6. b3 Bg7 7. Bb2 d6 8. h3
Rb8 9. Be2 b6 10. O-O Bb7 11. Qg3 Nh6 12. f4 O-O 13. Bf3 Nf5 14. Qf2 e6 15.
Bxb7 Rxb7 16. g4 Ne7 17. Qg2 Rd7 18. f5 exf5 19. gxf5 Nxf5 20. Rxf5 gxf5 21.
Nd5 f6 22. Rf1 Qe8 23. Rxf5 Qg6 24. Qg4 Bh8 25. Kf2 Rg7 26. Rf4 Qxg4 27. hxg4
Rg5 28. Ne7+ Kf7 29. Nf5 Rd8 30. Re4 Rd7 31. d4 h5 32. Kf3 hxg4+ 33. Kf4 d5 34.
cxd5 Rxd5 35. Ng3 cxd4 36. exd4 Bg7 37. Ba3 Bh6 38. Re7+ Kg6 39. Ke4 Bf8 40.
Rxa7 Bxa3 41. Rxa3 Ra5 42. Rxa5 Rxa5 43. a4 f5+ 44. Kf4 Rd5 45. Ne2 Rd8 46. b4
Kf6 47. b5 Ke6 48. Ke3 Kd5 49. Kf4 Rf8 50. Ke3 Kc4 51. Kf4 Kd3 52. Ng3 Kxd4 53.
a5 bxa5 54. Nxf5+ Kc5 0-1

[Event "St Louis Classic GM"]
[Site "Saint Louis USA"]
[Date "2013.11.25"]
[Round "7.1"]
[White "Kleiman, Jake"]
[Black "Panjwani, Raja"]
[Result "0-1"]
[WhiteElo "2362"]
[BlackElo "2450"]
[PlyCount "62"]
[EventDate "2013.11.21"]
[EventType "tourn"]
[EventRounds "9"]
[EventCountry "USA"]
[EventCategory "8"]
[Source "Mark Crowther"]
[SourceDate "2013.12.02"]

1. Nf3 Nf6 2. g3 c5 3. c4 Nc6 4. Bg2 d6 5. O-O g6 6. Nc3 Bg7 7. d4 cxd4 8. Nxd4
Bd7 9. Nc2 h5 10. Bg5 Nh7 11. Be3 h4 12. Qd2 Nf6 13. Rfd1 hxg3 14. hxg3 Qc8 15.
Qe1 Bh3 16. Qf1 Bxg2 17. Qxg2 Ng4 18. Qe4 Nce5 19. Bd4 f5 20. Qg2 Rh2 21. Qd5
e6 22. Qxd6 Bf8 23. Nb5 Nxc4 24. Qc7 a6 25. Qxc8+ Rxc8 26. Na7 Rc7 27. Rac1
Rch7 28. Ne1 Rh1+ 29. Kg2 R7h2+ 30. Kf3 Nce5+ 31. Bxe5 Rxf2# 0-1

[Event "St Louis Classic GM"]
[Site "Saint Louis USA"]
[Date "2013.11.26"]
[Round "8.1"]
[White "Panjwani, Raja"]
[Black "Bykhovsky, Anatoly"]
[Result "1-0"]
[WhiteElo "2450"]
[BlackElo "2502"]
[PlyCount "47"]
[EventDate "2013.11.21"]
[EventType "tourn"]
[EventRounds "9"]
[EventCountry "USA"]
[EventCategory "8"]
[Source "Mark Crowther"]
[SourceDate "2013.12.02"]

1. Nf3 c5 2. c4 Nf6 3. Nc3 d5 4. cxd5 Nxd5 5. g3 Nc6 6. Bg2 Nc7 7. O-O e5 8. a3
Rb8 9. d3 Be7 10. Be3 O-O 11. Rc1 Bd7 12. Ne4 b6 13. b4 cxb4 14. axb4 Bxb4 15.
d4 exd4 16. Nxd4 Na5 17. Bg5 f6 18. Bf4 Rc8 19. Bd6 Bxd6 20. Nxd6 Ba4 21. Qxa4
Qxd6 22. Nf5 Qe6 23. Qg4 g6 24. Bd5 1-0

[Event "St Louis Classic GM"]
[Site "Saint Louis USA"]
[Date "2013.11.27"]
[Round "9.1"]
[White "Bartholomew, John"]
[Black "Panjwani, Raja"]
[Result "1/2-1/2"]
[WhiteElo "2425"]
[BlackElo "2450"]
[PlyCount "25"]
[EventDate "2013.11.21"]
[EventType "tourn"]
[EventRounds "9"]
[EventCountry "USA"]
[EventCategory "8"]
[Source "Mark Crowther"]
[SourceDate "2013.12.02"]

1. d4 f5 2. g3 Nf6 3. Bg2 e6 4. c4 c6 5. Nf3 d5 6. O-O Bd6 7. b3 Qe7 8. Bb2 O-O
9. Qc1 Bd7 10. Ba3 Be8 11. Bxd6 Qxd6 12. Qa3 Qxa3 13. Nxa3 1/2-1/2